000 00559 a2200157 4500
999 _c1600
_d1600
020 _a9782940411870
050 _aHD9940 MOO 2012
100 _aMoore, Gwyneth
_eauthor
245 _aBasics Fashion Management 02: Fashion Promotion
_bBuilding a brand through marketing and communication
_cGwyneth Moore
264 _aLausanne
_bAVA Publishing PA
_c2012
300 _a176p. :
_bill. (col.)
440 _aBASICS FASHION MANAGEMENT
500 _aIncludes index and Glossary
650 _aFashion merchandising.
_xInternet marketing.
942 _2lcc
_cBK
_h9940
_iMOO
_kHD